000
00305nam a22001337a 4500
008
171006b xxu||||| |||| 00| 0 eng d
020
_a
2901111834493
041
_a
eng
080
_2
5 ED
_a
159.9
100
_a
49
101
_a
PSI
245
_a
ABNORMAL CHILD PSYCHOLOGY
_c
MASH.E.J
942
_2
udc
_c
BK
999
_c
32212
_d
32212